Statistics for Countries with the Most Catholics

Click here to take the quiz!

General Stats

  • This quiz has been taken 457 times
  • The average score is 19 of 25

Answer Stats

Catholic Population% CatholicCountry% Correct
52,592,20087,8Italy
97%
123,218,17264,63Brazil
96%
42,624,00064France
96%
33,794,50071,5Spain
96%
75,404,02223,9USA
95%
92,891,00082,7Mexico
94%
31,870,00076,5Argentina
91%
24,170,74529,9Germany
87%
11,048,15066,65Chile
86%
24,796,50081,3Peru
85%
35,663,42475Colombia
84%
12,728,90038,7Canada
83%
33,379,50086,7Poland
83%
9,123,73988,1Portugal
83%
22,800,00079Venezuela
83%
9,797,3530,75China
78%
19,121,0561,58India
78%
80,600,00080,6Philippines
77%
23,817,32414Nigeria
69%
11,265,00074Ecuador
66%
38,500,00050DR Congo
65%
10,135,50023,3Kenya
49%
12,220,68927,2Tanzania
44%
15,339,40342,76Uganda
41%
10,283,03855,59Angola
39%

Score Distribution

Percentile by Number Answered

Percent of People with Each Score

Your Score History

You have not taken this quiz